Wszystkie utwory XXXTENTACION'A - Statystyki

Ogólne statystyki
  • Ten quiz został rozwiązany 124 razy
    122 od ostatniego zresetowania
  • Średni wynik to 41 z 211
Statystyki odpowiedzi
Odpowiedź % Poprawnych
Sad
89%
Look At Me
82%
Moonlight
80%
Bad
77%
Revenge
75%
Hope
73%
Jocelyn Flores
67%
F**k Love
62%
Everybody Dies In Their Nightmares
57%
Numb
55%
Changes
54%
The Fall
54%
A GHETTO CHRISTMAS CAROL
52%
Bad Vibes Forever
51%
RIP Roach
50%
Save Me
49%
YuNg BrAtZ
48%
Vice City
46%
Ayala
44%
I Don't Wanna Do This Anymore
43%
King
43%
Alone (ImAloneImSorryCinthia)
42%
Carry On
40%
Ex B**ch
40%
The Remedy For a Broken Heart
40%
Falling Down
39%
Depression & Obsession
38%
Find Me (Intro)
37%
Floor 555
37%
Orlando
37%
Ice Hotel
36%
I Don't Even Speak Spanish lol
36%
Red
36%
Whoa (mind in awe)
36%
Red Light!
35%
Red Light (Intro)
35%
XXX
35%
Riot
33%
Dead Inside
31%
Going Down
31%
Guardian Angel
31%
Infinity 888
31%
Train Food
31%
Alone Part 3
30%
Before I Close My Eyes
30%
Looking For a Star
30%
True Love
30%
LOVE (Interlude)
29%
Numb The Pain
29%
Smash!
29%
The Explanation
29%
Introduction
27%
Off the Wall!
27%
Skin
27%
Slipknot
27%
Triumph
27%
Attention!
26%
Rare
26%
Sauce!
26%
Take A Step Back
26%
Ugly
26%
Hate Will Never Win
25%
King Of The Dead
25%
Love Yourself
25%
One Minute
25%
Willy Wonka Was a Child Murderer
25%
I Don't Let go
24%
Pain = Best Friend
24%
Never
23%
Schizophrenia
23%
H2O
21%
I spoke To The Devil In Miami, HeSaid Everything Would Be Fine
21%
Snow
21%
Staring At The Sky
21%
Teeth (Interlude)
21%
Difference (interlude)
20%
Fuxk
19%
Hearteater
19%
Hot Gyal
19%
Royalty
19%
What Are You So Afraid Of
19%
What in XXXTarnation
19%
Curse
18%
Kill My Vibe
18%
School Shooters
18%
777
17%
Chase / Glass Shards
17%
I Changed Her Life
17%
Limbo
17%
MANIKIN
17%
UP LIKE AN INSOMNIAC (Freestyle)
17%
Ecstasy
15%
Ecstasy (Original)
15%
Freddy vs Jason
15%
I LUv My CLIQuE LiKe KaNyE WeSt
15%
Indecision
15%
Let's Pretend We're Numb
15%
Have Hell
14%
R U N
14%
WingRiddenAngel
14%
Again
13%
The Interlude That Never Ends
13%
Before I Realize
12%
Bowser
12%
FAILURE IS NOT AN OPTION (Interlude)
12%
Gospel
12%
Wanna Grow Old (I Won't Let Go)
12%
Boost!
11%
Eat It Up
11%
It's All Fading To Black
11%
Palm Trees
11%
The Only Time I Feel Alive
11%
Voss
11%
$$$
10%
NorthStar
10%
Supra
10%
Very Rare Forever Freestyle
10%
WitDemD**ks!
10%
Daemons
8%
Ghost
8%
Gxd Damn
8%
NOBODYS (Intro)
8%
VeryRareBoyz
8%
0C3AN
7%
Blood Stains
7%
Broly!
7%
Butth*le Girl
7%
Came2Kill
7%
F**K V2
7%
I Am!
7%
I'm Not Human
7%
Inuyasha
7%
Maxipads for Everyone
7%
Pistol
7%
Static Shock
7%
SU**IDE PIT (Freestyle)
7%
A Message To Tina Belcher
6%
B**chCallMeCaptainMorgan
6%
Bricks
6%
Clarity
6%
Lick!
6%
Make Eem Run!
6%
Planet Drool
6%
Rare, Part 2
6%
Scared Of The Dark
6%
Amy Winehouse
5%
Gassed Up!
5%
Hi Wendy!
5%
Lunacy
5%
Middle Child
5%
#PROUDCATOWNERREMIX
5%
Rebirth (2016)
5%
Red Light District
5%
RestInPussy
5%
Sounds Of The Melting Pot
5%
Touch Eem Body
5%
White Girl
5%
BACKSTROKE
4%
Corey's Intro
4%
DUTTY (Freestyle)
4%
F**kAB**chFace
4%
Ghosts
4%
IGOTPLENTYD**KTOSHARE
4%
Leave
4%
Netherrack! - I Just Wont Break
4%
NOBODYS MIX
4%
Ok Shorty
4%
RUN UP ON ME
4%
TheresAnElephantInTheRoom
4%
The Shuttle
4%
You're Thinking Too Much, Stop It
4%
Banded Up
2%
Catch
2%
Company
2%
Dirty (Finger) Nails
2%
Dont Test Me (Remix)
2%
EYES
2%
Glass House
2%
IWATCHEDHIMDROWN
2%
Lips
2%
Nicotine Teens
2%
Okage The Shadow King
2%
Ribs
2%
Save Yourself!
2%
SHUT UP!
2%
UH OH, THOTS
2%
VOICES
2%
A N***A LIKE YOU!
1%
Forgive Me
1%
Ghost Busters
1%
In The End
1%
Mega Man
1%
NOBODYS INTRO
1%
No Pulse
1%
The Boy With The Black Eyes
1%
THE SHUTTLE INTERLUDE
1%
CAPTAIN SAVE A H*E
0%
Show Time
0%
Tear Drop
0%
THROAT: The Violent Valentine Lullaby
0%
Nie znaleziono quizów pasujących do podanych kryteriów
Rozkład punktacji
Procent ludzi z każdym wynikiem
Percentyl według liczby udzielonych odpowiedzi
Twoja historia wyników
Nie rozwiązałeś tego quizu od ostatniego zresetowania